000 01140nam a2200241 i 4500
001 184702
003 ES-MaACL
005 20250902131139.0
008 151116s1915 ag |||| | spa d
245 0 0 _aCorrespondencia de la ciudad de Buenos Aires con los Reyes de España /
_creunida en el Archivo de Indias de Sevilla, coordenada y publicada por Roberto Levillier.
260 _aBuenos Aires :
_bMunicipalidad,
_c1915.
300 _a3 v. ;
_c24 cm.
490 1 _aColección de publicaciones históricas de la Biblioteca del Congreso Argentino
505 8 _aContiene: I: 1588-1615 II: 1615-1635 / prólogo de Rafael Altamira III: 1660-1700 / prólogo de Pedro Torre Lanzas
610 2 4 _aArchivo General de Indias-
_xCatálogos.
_91431
651 4 _aBuenos Aires-
_xAdministración-
_vHistoria-
_vFuentes.
_9158142
700 1 _aLevillier, Roberto,
_d1886-1969
_971965
700 1 _aAltamira, Rafael,
_d1866-1951
_920515
700 0 _aTorres Lanzas, Pedro.
_9110975
830 0 _aColección de publicaciones históricas de la Biblioteca del Congreso Argentino
_9192228
852 _aES-MaACL
_jC-7167-69
999 _c184702
_d184702